Bài tập vật lý đại cương Biên soạn theo chương trình của bộ giáo dục và đào tạo ban hành năm 1990; Dùng cho các trường các khối công nghiệp, công trình thủy lợi, giao thông vận tải Tập 2 Điện-Dao động và sóng

Điện-dao động và sóng

Đã lưu trong:
書目詳細資料
主要作者: Lương Duyên Bình (Tác giả)
其他作者: Nguyễn Hữu Hồ, Dư Trí Công
格式: 圖書
語言:Vietnamese
出版: H. Giáo dục 2005
版:Tái bản lần thứ 13
主題:
標簽: 添加標簽
沒有標簽, 成為第一個標記此記錄!
Thư viện lưu trữ: Mạng thư viện Đại học Đà Nẵng
LEADER 01335nam a2200385 4500
001 000013178
003 9516
005 20120312080343.0
008 120312s2005 viesd
020 |c 17400 
041 0 |a vie 
082 |a 530.07  |b LƯ-B 
100 0 |a Lương Duyên Bình  |e Tác giả 
245 1 0 |a Bài tập vật lý đại cương  |b Biên soạn theo chương trình của bộ giáo dục và đào tạo ban hành năm 1990; Dùng cho các trường các khối công nghiệp, công trình thủy lợi, giao thông vận tải  |c Lương Duyên Bình  |n Tập 2  |p Điện-Dao động và sóng 
250 |a Tái bản lần thứ 13 
260 |a H.  |b Giáo dục  |c 2005 
300 |a 339tr  |c 20cm 
500 |a Dùng cho các trường đại học khối kỹ thuật công nghiệp 
520 |a Điện-dao động và sóng 
653 |a Bài tập 
653 |a giáo trình 
653 |a Vật lý 
653 |a Đại cương 
700 |a Nguyễn Hữu Hồ 
700 |a Dư Trí Công 
773 |t Bài tập vật lý đại cương  |w 4580 
910 |d 17/10/2011 
OWN |a LSP 
999 |a From the UDN01 
TYP |a Monograph 
TYP |a Printed language 
980 |a Mạng thư viện Đại học Đà Nẵng